New York City Locations - Sudden Death - Statistics

General Stats
  • This quiz has been taken 358 times
  • The average score is 11 of 16
Answers on the Grid
Answers color-coded by a green-red scale on the quiz's grid according to % correct below.
Arlington National Cemetery
Broadway
Brooklyn Bridge
Carnegie Hall
Central Park
Chrysler Building
Empire State Building
Fenway Park
Flatiron Building
Gateway Arch
Graceland
Grand Central Terminal
Grand Ole Opry
Griffith Observatory
Hearst Castle
Independence Hall
Johnson Space Center
Lincoln Center
Madison Square Garden
Museum of Modern Art
One World Trade Center
Penobscot Building
Rockefeller Center
Space Needle
Statue of Liberty
The Alamo
The High Line
The Pentagon
The Presidio
Wells Fargo Plaza
Willis Tower
Woolworth Building
 
Answer Stats
Answer % Correct
Central Park
89%
Brooklyn Bridge
86%
Empire State Building
85%
Statue of Liberty
85%
Madison Square Garden
84%
One World Trade Center
84%
Rockefeller Center
84%
Broadway
80%
Grand Central Terminal
76%
Museum of Modern Art
72%
Chrysler Building
71%
Flatiron Building
63%
Carnegie Hall
60%
Lincoln Center
50%
The High Line
38%
Woolworth Building
36%
No matching quizzes found
Score Distribution
Percent of People with Each Score
Percentile by Number Answered
Your Score History
You have not taken this quiz